[Event "Kemper-UOP"]
[Site "?"]
[Date "2001.11.29"]
[Round "?"]
[White "Wirtz, Rob"]
[Black "Van Zile, Charlie"]
[Result "0-1"]
[WhiteElo "1322"]
[BlackElo "1338"]
[PlyCount "84"]
[EventDate "2001.??.??"]

1. e4 e5 2. Nf3 Nc6 3. Bc4 Bc5 4. Nc3 Nf6 5. d3 h6 6. b3 d6 7. Bb2 a6 8. Nd5 b5
9. Nxf6+ Qxf6 10. Bd5 Bd7 11. d4 Bb4+ 12. c3 Ba5 13. b4 Bb6 14. a4 Rb8 15. O-O
Ne7 16. Bb3 Ng6 17. g3 Bg4 18. Kg2 O-O 19. Qd3 h5 20. axb5 axb5 21. Ra2 Bxf3+
22. Qxf3 Qxf3+ 23. Kxf3 Ra8 24. Rfa1 Rab8 25. Bd5 Kh7 26. Ra8 exd4 27. Rxb8
Rxb8 28. cxd4 c5 29. Bc3 cxd4 30. Bd2 Ne5+ 31. Kg2 d3 32. Bf4 f6 33. Bxe5 dxe5
34. Rd1 Rc8 35. Rxd3 Rc2 36. Rf3 Rb2 37. Rb3 Rxf2+ 38. Kh3 Rd2 39. Bc6 Bg1 40.
g4 Rxh2+ 41. Kg3 h4+ 42. Kf3 Rh3+ 0-1

[Event "Tyros-Dragons"]
[Site "?"]
[Date "2001.12.04"]
[Round "?"]
[White "Stoltz, Bob"]
[Black "Ludwig, Tom"]
[Result "1-0"]
[WhiteElo "1888"]
[BlackElo "1941"]
[PlyCount "83"]
[EventDate "2001.??.??"]

1. e4 c5 2. d4 cxd4 3. c3 dxc3 4. Nxc3 Nc6 5. Nf3 d6 6. Bc4 e6 7. Qe2 Nf6 8.
O-O Be7 9. Rd1 O-O 10. e5 Ne8 11. exd6 Bf6 12. Bf4 Bd7 13. Rac1 a6 14. Ne4 Qa5
15. Bb3 b6 16. Bd2 Qb5 17. Bc4 Qxb2 18. Rb1 Qa3 19. Rxb6 Nd4 20. Nxd4 Bxd4 21.
Bb4 Qb2 22. Qxb2 Bxb2 23. Bxa6 e5 24. Bc4 Nf6 25. Nxf6+ gxf6 26. Bb5 Bg4 27.
Rb1 Rxa2 28. d7 Bd4 29. Rxf6 Rb8 30. h3 Bxd7 31. Bxd7 Bc5 32. Bxc5 Rxb1+ 33.
Kh2 Kg7 34. Rf3 Rb7 35. Bf5 h6 36. Be3 Ra4 37. Rg3+ Kf6 38. Bg4 Rb2 39. Bh5 Rh4
40. Rf3+ Ke7 41. Bxf7 e4 42. Rf5 1-0

[Event "Tyros-Fermi"]
[Site "?"]
[Date "2001.12.13"]
[Round "?"]
[White "Diaz, Pablo"]
[Black "Spiegel, Lenny"]
[Result "0-1"]
[WhiteElo "1984"]
[BlackElo "2051"]
[PlyCount "66"]
[EventDate "2001.??.??"]

1. e4 e6 2. d4 d5 3. e5 c5 4. c3 Nc6 5. Nf3 Qb6 6. Bd3 {
A standard French. The d4-Pawn is temporarily poison by a well-known trap.}
6... Bd7 {Dodges those problems and enters the super-fun Milner-Barry Gambit.
(Brings up ugly memories of Siwek-Friske last season).} (6... cxd4 7. cxd4 7...
Nxd4 $2 8. Nxd4 8... Qxd4 $4 { } 9. Bb5+ {winning Queen}) 7. O-O cxd4 8. cxd4
Nxd4 9. Nxd4 Qxd4 10. Nc3 {
allowing Black a second Pawn, which can be eaten if he knows the lines.} 10...
Ne7 {I thought I knew this gambit, but this is news.} 11. Nb5 11... Qxe5 { }
12. Re1 (12. Qf3 Qb8 13. Bf4 {hoping for Nc7+ next} 13... e5 {
is good for Black, just like the game}) 12... Qb8 13. Qf3 { The game has
transposed back to what my references call the mainline, except that each side
has made an extra move. White has Nb5 and Black has Ne7.  In the "mainline",
the game reply would lose the d5-Pawn.} 13... e5 14. Rxe5 $2 {
this doesn't turn out well} 14... Qxe5 15. Bf4 {
the Rook sac is based on a coming Nc7+ fork} 15... Qxb2 {
forcing White take care of his Rook} 16. Rb1 (16. Re1 16... Bxb5 {
wins another piece}) ({If} 16. Nc7+ 16... Kd8 17. Rb1 { } 17... Qxa2 18. Nxa8 {
White is three Pawns down.}) 16... Qxb1+ $1 {Fun stuff} 17. Bxb1 17... Bxb5 {
Time to evaluate. Black has half of White's army for the Queen, but his
forces aren't exactly mobilized. But what can Whiteattack?} 18. Qe3 d4 (18...
Bd7 {with idea of Be6,Nc6,Be7, etc}) 19. Qe5 Bc6 20. Bc2 { } 20... Rd8 {
Oh, OK, Black's gonna divert a unit using the passer.} 21. Bb3 d3 22. Bd2 { }
22... a6 23. h4 {to loosen the Kingside Pawns} (23. Qf4 { hitting f7} 23... Bd5
(23... Nd5 24. Qe5+ Be7 25. Qxg7 Bf6) 24. Bxd5 Nxd5 (24... Rxd5 25. Qb8+ Rd8
26. Qxb7) 25. Qe5+) 23... h5 $1 24. Ba5 Rc8 25. Bd2 { } 25... b5 26. Bd1 Rh7
27. Bxh5 {exposing himself to problems down the h-file} 27... g6 28. Bg4 { }
28... f5 29. Bd1 Rxh4 30. f3 Rh7 31. Bb3 { } 31... Bg7 32. Qe6 Bd4+ 33. Be3 { }
{White's Queen is now pinned to Be3 defence, so...} 33... Bd7 {Thanks for the
lesson, Lenny. Hey, Siwek, where are you hiding? Let's play another!!} 0-1

[Event "Fermi-Tyro"]
[Site "?"]
[Date "2001.12.13"]
[Round "?"]
[White "Gaines, Irwin"]
[Black "Stoltz, Bob"]
[Result "0-1"]
[WhiteElo "1771"]
[BlackElo "1888"]
[PlyCount "86"]
[EventDate "2001.??.??"]

1. d4 Nf6 2. c4 e6 3. Nf3 d5 4. Nc3 Be7 5. Bg5 O-O 6. e3 h6 7. Bh4 b6 8. cxd5
Nxd5 9. Nxd5 exd5 10. Bg3 Be6 11. a3 c5 12. Rc1 Nd7 13. Ba6 b5 14. Bxb5 Qa5+
15. b4 Qxb5 16. bxc5 Bf5 17. a4 Qa5+ 18. Qd2 Qa6 19. Rc3 Nf6 20. Rb3 Ne4 21.
Qb2 Nxg3 22. hxg3 Bf6 23. Kd2 Rac8 24. Rc1 Bd8 25. Ke1 Bc7 26. Nd2 Rb8 27. f4
Rxb3 28. Qxb3 Ba5 29. Qxd5 Bxd2+ 30. Kxd2 Qd3+ 31. Ke1 Qxe3+ 32. Kd1 Qd3+ 33.
Ke1 Re8+ 34. Qe5 Rxe5+ 35. fxe5 Qxg3+ 36. Kd2 Qd3+ 37. Ke1 Qxd4 38. c6 Qxe5+
39. Kd2 Qa5+ 40. Ke2 Qxa4 41. c7 Qd7 42. c8=Q+ Qxc8 43. Rxc8+ Bxc8 0-1

[Event "Tyros-Fermi"]
[Site "?"]
[Date "2001.12.13"]
[Round "?"]
[White "Valdez, Clarence"]
[Black "Ailes, Tim"]
[Result "0-1"]
[WhiteElo "1434"]
[BlackElo "1537"]
[PlyCount "122"]
[EventDate "2001.??.??"]

1. e4 c5 2. Nf3 d6 3. d4 cxd4 4. Qxd4 Nc6 5. Qa4 Bd7 6. Bb5 a6 7. Bxc6 Bxc6 8.
Qc4 Rc8 9. Qd3 e6 10. Nc3 Ne7 11. O-O b5 12. Bg5 b4 13. Qxa6 bxc3 14. b3 f6 15.
Be3 Bxe4 16. Qe2 d5 17. Rad1 Nc6 18. Ne1 Be7 19. Nd3 O-O 20. a4 d4 21. Ne1 Qd5
22. Nf3 Bxf3 23. gxf3 e5 24. Bc1 Qf7 25. Kh1 Bd6 26. Rg1 Qh5 27. Rde1 Ne7 28.
Qe4 f5 29. Qb7 Rc7 30. Qb6 Qxf3+ 31. Rg2 Rc6 32. Qb5 Rb8 33. Qe2 Qxe2 34. Rxe2
f4 35. f3 Nf5 36. Rg4 Bc7 37. Reg2 Rh6 38. Re2 Ng3+ 39. Rxg3 fxg3 40. h3 Rxh3+
41. Kg1 Rh2 42. Rxh2 gxh2+ 43. Kxh2 e4+ 44. Kg2 e3 45. Kf1 Rf8 46. Ke2 h5 47.
Kd3 Rf4 48. b4 h4 49. a5 h3 50. b5 Bxa5 51. Ba3 Bc7 52. Bc5 h2 53. b6 Bb8 54.
b7 h1=Q 55. Bxd4 Rxd4+ 56. Kxd4 e2 57. Kxc3 Qxf3+ 58. Kb4 e1=Q+ 59. Kb5 Qd5+
60. Ka4 Qa1+ 61. Kb4 Qaa5# 0-1

[Event "Fermi-Tyros"]
[Site "?"]
[Date "2001.12.13"]
[Round "?"]
[White "Schultz, Bob"]
[Black "Savcic, V."]
[Result "0-1"]
[WhiteElo "1241"]
[BlackElo "1093"]
[PlyCount "115"]
[EventDate "2001.??.??"]

1. e4 e5 2. Nf3 d6 3. d4 exd4 4. Nxd4 Nf6 5. Nc3 Nbd7 6. Bc4 { } 6... Nb6 7.
Bb3 c6 8. O-O Bg4 9. Qd3 Be7 10. Re1 10... Qc7 { } 11. Qg3 {
looking at weak g7-Pawn} 11... Nbd7 (11... O-O 12. h3 Bh5 13. Bh6 Bg6) (11...
O-O-O 12. Bxf7 12... d5 $2 { attempting to trap Bishop with Rhf8} 13. Qxc7+
Kxc7 14. exd5 Rhf8 15. Be6) 12. Bf4 (12. h3 Bh5 13. Qxg7 $6 13... Rg8 { } 14.
Qh6 {Black has a natural attack for his Pawn}) 12... O-O 13. Nf5 Bxf5 14. exf5
{ } 14... Rae8 (14... Rfe8 {is a common way of clearing the opened files, with
idea of Bf8 which also continues holding d6.} 15. Rad1 {wins the weak d6-Pawn}
15... Nh5 $2 { } 16. Bxd6 $1 16... Nxg3 17. Bxc7 {and both Black Knights hang})
15. Bh6 $2 (15. Rad1 {still works}) 15... Nh5 16. Qg4 Ndf6 17. Qg5 17... Kh8 {
Black calmly defends, the h6-Bishop is trapped} 18. Bxg7+ Nxg7 19. Qf4 Qd7 20.
g4 { } 20... d5 {
keeping White's Bishop and Knight out of play and making possible Bd6} 21. Rad1
Rg8 (21... Bd6 22. Qg5 Ne4 23. Nxe4 Rxe4 24. Rxe4 dxe4 25. f6 25... Ne6 {
Black has made some exchanges without harming possibilities.}) 22. Kf1 { }
22... Bd6 23. Qf3 Rxe1+ 24. Rxe1 24... Bxh2 {
now White has some hopes of using the opened h-file} 25. Kg2 25... Bd6 { } 26.
Rh1 {missing a small tactic} 26... Nxf5 $1 27. Kf1 27... Rxg4 {
Black is cleaning house} 28. Ne2 Qe6 29. c3 Rh4 30. Rg1 Ne4 31. Qg2 { } 31...
f6 32. Bc2 32... Neg3+ {
Black gives back a Knight, but trades to an easy +2Pawn ending.} 33. Nxg3 Bxg3
34. Bxf5 Qxf5 35. Qxg3 { } 35... Qh3+ $1 {Chess is so much fun-- in 4 short
moves Black has totally wiped out White's hopes} 36. Ke2 Qxg3 37. Rxg3 Re4+ 38.
Kd2 h5 39. f3 Re5 (39... Re7 {idea of Rg7}) 40. Kd3 40... Kh7 { } 41. f4 Re4 (
41... Re7) 42. Rh3 Kg6 43. Rh4 { Fills a good square for Blacks King} 43... f5
(43... a5 {idea of b5-4. In endgames, always remember to create weaknesses (to
opponent!)  which are far apart so you overwhelm the defence.}) 44. b3 44... c5
{OK, sorry, Black does start in.} 45. Kc2 b5 46. Kd2 a5 47. a3 { } 47... c4 48.
b4 (48. bxc4 48... Rxc4 {with idea of Ra4} 49. Kc2 49... d4 $1) 48... axb4 49.
cxb4 (49. axb4 49... d4 {and Black will maneuver Rook to b-file, winning easily
}) 49... d4 { connected passers definitely wrap-up} 50. a4 c3+ ({Not bad is} 
50... bxa4 51. b5 a3 52. b6 Re6 53. b7 53... Rb6 { } 54. Rh3 a2 55. Ra3 Rxb7
56. Rxa2 h4) 51. Kd3 bxa4 52. b5 a3 53. b6 53... a2 { } 54. b7 a1=Q 55. b8=Q
Qf1+ 56. Kc2 { } 56... Qe2+ 57. Kc1 Qd2+ 58. Kb1 {A complete game by Black!}
0-1

[Event "Wolverine-Citadel"]
[Site "?"]
[Date "2001.11.27"]
[Round "?"]
[White "Jasaitis, Tony"]
[Black "Hayhurst, Lyle"]
[Result "1-0"]
[WhiteElo "2126"]
[BlackElo "1882"]
[PlyCount "81"]
[EventDate "2001.??.??"]

{Notes by Tony Jasaitis} 1. e4 1... c5 2. Nc3 {
A more positional approach than the most common Nf3 followed by d4.} 2... Nc6
3. g3 g6 4. Bg2 Bg7 5. d3 e6 6. Be3 d6 7. Qd2 { This variation has more bite
to it than most Closed lines. White keeps options open for aggressive piece
play.} 7... Rb8 {Black keeps White's theme at bay while expanding on the
Queenside. The risk he takes is leaving his King in the center too long.} ({
After} 7... Nge7 8. Bh6 { } 8... O-O (8... Bxh6 {
intending to sac h-Pawn for lead in development}) 9. h4) 8. Nf3 $1 {Quite uncha
racteristic for a Closed variation, where Pf4 is almost standard. But with
Black's King lingering in the center, I felt it was time to try to open the
game up. I also did not want to get into more standard positions with which my
opponent was probably more familar. White also retains the possibility of Bh6,
which pays off in this game.} 8... b5 $5 {Very sharp, attempting to drive
White from the center ASAP, but it may be a bit too loose.  Black usually
plays Nd4 whenever White threatens to play Pd4} (8... Nd4 9. Bxd4 $5 9... cxd4
{ } 10. Nb5 $5 (10. Ne2 {with idea of c3 also OK}) 10... Qb6 11. Qb4 {
thanks to Black's dark squares and Rooks being vulnerable.} {For example,}
11... Kd7 ({defending d6 with} 11... Bf8 {allows the immediate} 12. Qxd4) ({
Or trying to rid himself of the weakness} 11... d5 12. Nd6+ Kf8 13. Qxb6 axb6
14. exd5 {makes more!}) 12. Qa4 Qc6 13. Nfxd4 Bxd4 14. Qxd4 {
and the Queen attacks the h8-Rook.}) 9. d4 b4 10. Ne2 { } 10... c4 {
Black avoids opening lines, which would favor the more developed player.} 11.
O-O Nge7 (11... Nf6 {I wouldn't have minded} 12. Ng5 {
freeing f-Pawn to advance to f4 and tempting the weakening -h6.}) 12. c3 12...
a5 $6 {Now the Black King does get stuck in the center, with files opening up.}
({Better is} 12... O-O {or even -d5, but Black understandably did not want to
break up his Queenside Pawn phalanx.}) 13. d5 $1 { } 13... exd5 (13... Ne5 14.
Nxe5 dxe5 15. d6 Nc6 16. Bc5 { Black remains with an awkward position.}) 14.
exd5 Ne5 15. Nxe5 { } 15... Bxe5 (15... dxe5 16. d6 {
and Ba7 next, when White's meat-grinder Bishops trap the Rook.}) 16. Bh6 Nf5
17. Rfe1 { White suddenly creates threats: to win e5-Bishop with Nd4 followed
with f4, and the Knight at d4 is planted in fertile ground.} 17... Qb6 18. Nd4
Kd8 ({Of course if} 18... Nxd4 19. cxd4 {wins Bishop}) 19. Nc6+ 19... Kc7 { }
20. cxb4 {I chose to open lines against Black's King rather than win the
exchange, after which White's attack would lose momentum. (Not to mention the
activity of the Knight vs the Rook  -ed)} 20... Nxh6 21. Qxh6 21... axb4 { }
22. Nxe5 {(A classic view inside the strong player's mind- evaluations are not
made strictly by numeric value of the pieces. Here, White removes the
best-placed piece and ignores the exchange, opening lines that make his
existing pieces swarm while the pardoned Rook sits and watches the game. -Ed.)}
(22. Rxe5 dxe5 23. Nxe5 {White's active Knight has lots of potential, but I've
learned to not try to be brilliant when straightforward moves are good.}) 22...
dxe5 23. Qg7 23... Bd7 { } 24. d6+ {Same theme: maximum access to that King!} (
24. Rac1 {also is good}) 24... Qxd6 25. Rad1 Rbg8 26. Qxf7 { } 26... Qe6 27.
Qxe6 Bxe6 28. Rxe5 { } 28... Bf5 (28... Re8 29. Rde1 Kd7 (29... Kd6 30. Bh3)
30. Rxe6 Rxe6 31. Bh3 { } 31... Rhe8 32. Kf1 {
transposes into an easily won King and Pawn ending for White}) 29. Rc5+ Kb6 30.
Rxc4 Kb5 31. Rdd4 Rd8 32. Rxb4+ Kc5 33. Rdc4+ 33... Kd6 { } 34. h3 {White gives
his King some breathing space against the potential of Rd1+ and the resulting
pin. Black's replies Bd3 or Bh3. An added benefit to the Pawn move is the
Black King may be trapped if he wanders over to the Kingside. The subsequent
checks (from both sides) accelerate the process.} 34... Ke7 35. g4 Rd1+ 36. Kh2
Bb1 37. Rb7+ Kf6 38. Rc6+ Kg5 39. Kg3 Rd3+ 40. Bf3 { } 40... Rf8 41. h4+ {
and g5# next} 1-0

[Event "Chargers-Pawns"]
[Site "?"]
[Date "2002.01.14"]
[Round "?"]
[White "Warren, Jim"]
[Black "Jakstas, K."]
[Result "1/2-1/2"]
[WhiteElo "2085"]
[BlackElo "2120"]
[PlyCount "41"]
[EventDate "2002.??.??"]

1. d4 g6 2. c4 Bg7 3. Nc3 d6 4. e4 Nc6 5. Be3 e5 6. Nge2 exd4 7. Nxd4 Nge7 8.
Be2 O-O 9. O-O f5 10. exf5 Nxf5 11. Nxf5 Bxf5 12. Qd2 Kh8 13. Bh6 Bxh6 14. Qxh6
Nd4 15. Qd2 Nxe2+ 16. Nxe2 Qf6 17. Ng3 Be6 18. b3 Rae8 19. Rae1 Bd7 20. Rxe8
Rxe8 21. Re1 1/2-1/2

[Event "Pawns-Chargers"]
[Site "?"]
[Date "2002.01.14"]
[Round "?"]
[White "Ellice, Wayne"]
[Black "Marcowka, Bob"]
[Result "0-1"]
[WhiteElo "1921"]
[BlackElo "1977"]
[PlyCount "48"]
[EventDate "2002.??.??"]

1. d4 Nf6 2. c4 c5 3. d5 e6 4. Nc3 exd5 5. cxd5 d6 6. e4 Be7 7. Nf3 Bg4 8. Be2
O-O 9. Nd2 Bxe2 10. Qxe2 Na6 11. O-O Nc7 12. Nc4 Re8 13. Qf3 Qd7 14. a4 Rab8
15. Re1 b5 16. Na5 b4 17. Ne2 Bf8 18. Ng3 Nfxd5 19. Bf4 Nxf4 20. Qxf4 Ne6 21.
Qg4 Rbd8 22. Nh5 Kh8 23. b3 Nd4 24. Qg3 Nc2 0-1

[Event "Chargers-Pawns"]
[Site "?"]
[Date "2002.01.14"]
[Round "?"]
[White "Dobrovolny, Chuck"]
[Black "O'Dell, Dave"]
[Result "1-0"]
[WhiteElo "1821"]
[BlackElo "1471"]
[PlyCount "65"]
[EventDate "2002.??.??"]

1. e4 e5 2. f4 exf4 3. Nf3 Nc6 4. d4 d5 5. e5 Bf5 6. Bxf4 a6 7. a3 f6 8. Bd3
Be4 9. c3 Be7 10. Qe2 f5 11. Nbd2 Bxd3 12. Qxd3 g6 13. O-O Na5 14. b4 Nc6 15.
Be3 Qd7 16. Nb3 b6 17. Rfe1 Qe6 18. Ng5 Bxg5 19. Bxg5 h6 20. Bf6 Rh7 21. a4
Nce7 22. Qf3 O-O-O 23. Qd3 Kb7 24. a5 Nxf6 25. exf6 Qxf6 26. axb6 Ra8 27. Nc5+
Kc6 28. Re6+ Qxe6 29. Nxe6 Kxb6 30. Nc5 c6 31. Rxa6+ Rxa6 32. Qxa6+ Kc7 33.
Qb7+ 1-0

[Event "Chargers-Pawns"]
[Site "?"]
[Date "2002.01.14"]
[Round "?"]
[White "Stamm, Vern"]
[Black "Mikulecky, Bob"]
[Result "1/2-1/2"]
[WhiteElo "1481"]
[BlackElo "1474"]
[PlyCount "111"]
[EventDate "2002.??.??"]

1. e4 e5 2. Nf3 Nc6 3. a3 Nf6 4. Nc3 d6 5. h3 Be7 6. Bc4 O-O 7. O-O Nh5 8. Nh2
Nf6 9. d3 a6 10. Nd5 Nxd5 11. Bxd5 Bd7 12. Ng4 Bg5 13. f4 exf4 14. Bxf4 Rb8 15.
c3 Qe7 16. Qf3 Be6 17. Ne3 Nd8 18. Nf5 Bxf5 19. exf5 c6 20. Bb3 Qf6 21. Bxg5
Qxg5 22. Rae1 b6 23. Re4 d5 24. Rg4 Qf6 25. Qf4 Rb7 26. d4 Re8 27. Qd2 b5 28.
Rf3 Re4 29. Rxe4 dxe4 30. Rf4 Re7 31. Qe3 Qg5 32. Bc2 Nb7 33. Bxe4 Nd6 34. Qf3
Nxe4 35. Rxe4 Rxe4 36. Qxe4 h6 37. Qe8+ Kh7 38. Qxc6 Qc1+ 39. Kh2 Qf4+ 40. g3
Qf2+ 41. Qg2 Qxf5 42. d5 Qe5 43. Qd2 Qd6 44. Qd3+ Kg8 45. c4 bxc4 46. Qxc4 g5
47. Qc6 Qe5 48. d6 Qxb2+ 49. Kg1 Qd4+ 50. Kf1 Qf6+ 51. Ke2 Qb2+ 52. Kd3 Qxa3+
53. Kd4 Qb4+ 54. Kd5 Qb3+ 55. Kc5 Qe3+ 56. Kd5 1/2-1/2

[Event "Case-Pawns"]
[Site "?"]
[Date "2002.01.22"]
[Round "?"]
[White "Fraats, D."]
[Black "Jakstas, K."]
[Result "1/2-1/2"]
[WhiteElo "1843"]
[BlackElo "2120"]
[PlyCount "45"]
[EventDate "2002.??.??"]

1. c4 g6 2. g3 Bg7 3. Bg2 c5 4. Nf3 Nc6 5. Nc3 d6 6. d3 Nh6 7. O-O O-O 8. Rb1
Nf5 9. Bd2 Rb8 10. Nd5 e6 11. Ne3 Nfd4 12. Nxd4 Nxd4 13. Ng4 h5 14. Ne3 Bd7 15.
Nc2 Nxc2 16. Qxc2 Bc6 17. h4 Bxg2 18. Kxg2 Qd7 19. b4 Rfc8 20. bxc5 dxc5 21.
Bc3 b6 22. Bxg7 Kxg7 23. a4 1/2-1/2

[Event "Pawns-Case"]
[Site "?"]
[Date "2002.01.22"]
[Round "?"]
[White "Ellice, Wayne"]
[Black "White, H."]
[Result "1-0"]
[WhiteElo "1921"]
[BlackElo "1711"]
[PlyCount "74"]
[EventDate "2002.??.??"]

1. d4 d5 2. c4 dxc4 3. e3 Nf6 4. Bxc4 e6 5. Nf3 Bb4+ 6. Bd2 Bxd2+ 7. Nbxd2 7...
O-O { } 8. Ne5 Nbd7 9. Ndf3 Ne4 10. Qc2 Nd6 11. Bd3 {  White can get the
attack going, save 0-0-0, or maybe even leave King in center.} 11... g6 (11...
h6 12. g4 $1 {with idea of h4 and g5}) 12. Rc1 (12. h4) 12... c6 13. O-O {
a Kingside Pawn storm is weakened as the h-Rook doesn't participate} 13... f6 {
} 14. Bxg6 $5 14... fxe5 (14... hxg6 15. Qxg6+ Kh8 16. Qh6+ Kg8 17. Ng6 { }
17... Nf7 $1 {at least forces White to regroup for a few moves} (17... Rf7 18.
Qh8#) (17... Re8 18. Qh8+ Kf7 19. Qh7#)) 15. Bxh7+ Kh8 16. dxe5 16... Nf5 {
White already has three Pawns for his Knight, but the added benefits of
Black's exposed King and snarled Queenside total to a big plus.} 17. Bxf5 Rxf5
18. Rfd1 { } 18... Qg8 {threat of Rxf3, of course} 19. Rd4 $1 19... Qf7 (19...
Rxf3 $2 20. Rh4+ 20... Kg7 { } 21. Rg4+ {wins Queen} (21. gxf3)) 20. Nh4 (20.
Rcd1 {begins to overload Black's Queen, and threatens Rooks to invade via g-
and h-files}) 20... Rg5 21. f4 Rg4 22. Nf3 { White has made an outpost at g5
for his Knight. It would've been a killer if Rh4+ had earlier been inserted.}
22... Qg6 23. Qxg6 Rxg6 24. h4 {
Even with Queens off, White's advantage remains.} 24... b6 25. Ng5 Nc5 26. Rd8+
Rg8 27. Rcd1 27... Bb7 { But now b7-Bishop and e6-Pawn are weak.} 28. Rxa8 Rxa8
29. b4 29... Na4 { } 30. Rd7 Rb8 31. Nxe6 c5 32. Rd8+ Rxd8 33. Nxd8 33... Be4 {
} 34. Nf7+ (34. g4 {gets the Pawns marching} 34... Kg7 35. f5 Kf8 36. h5) 34...
Kg8 35. Nd6 Bc6 36. a3 cxb4 37. axb4 37... Kf8 {Moves lost in time scramble.
Black created passer, White played e4 and marched King to c4. BLACK RESIGNED
move 49} 1-0

[Event "Case-Pawns"]
[Site "?"]
[Date "2002.01.22"]
[Round "?"]
[White "Klinefelter, Howard"]
[Black "O'Dell, David"]
[Result "0-1"]
[WhiteElo "1588"]
[BlackElo "1471"]
[PlyCount "92"]
[EventDate "2002.??.??"]

1. d4 d5 2. e3 Nf6 3. Bd3 e6 4. Nd2 Be7 5. f4 c5 6. c3 O-O 7. Ngf3 c4 8. Bc2
Ng4 9. Qe2 b5 10. O-O Nc6 11. Ne5 Ngxe5 12. fxe5 f6 13. Qh5 f5 14. Rf3 Qe8 15.
Qxe8 Rxe8 16. a4 b4 17. Rh3 a5 18. Nf3 h6 19. Bd2 Kh7 20. g4 g6 21. gxf5 exf5
22. Rg3 Be6 23. Kh1 Rg8 24. Rag1 Rab8 25. Ne1 Bh4 26. Rf3 Be7 27. Ng2 Rbf8 28.
Nf4 Nd8 29. Nxe6 Nxe6 30. b3 Ng5 31. Rfg3 Ne4 32. Bxe4 fxe4 33. bxc4 dxc4 34.
cxb4 axb4 35. Bxb4 Bxb4 36. d5 Rf5 37. Rb1 Rb8 38. a5 Rxe5 39. a6 Bd6 40. Rb7+
Rxb7 41. axb7 Rxd5 42. Rg2 Rd1+ 43. Rg1 Rxg1+ 44. Kxg1 c3 45. Kf1 c2 46. Ke1
c1=Q+ 0-1

[Event "Case-Pawns"]
[Site "?"]
[Date "2002.01.22"]
[Round "?"]
[White "Zoellner, John"]
[Black "Mikulecky, Bob"]
[Result "0-1"]
[WhiteElo "1414"]
[BlackElo "1474"]
[PlyCount "174"]
[EventDate "2002.??.??"]

1. e4 e5 2. Nf3 Nc6 3. Bc4 Bc5 4. c3 d6 5. h3 Na5 6. Bb5+ c6 7. Ba4 b5 8. Bc2
Nb7 9. d4 exd4 10. cxd4 Bb6 11. a3 Ne7 12. Nbd2 O-O 13. Nf1 Ng6 14. Ne3 Nf4 15.
e5 Re8 16. b4 Be6 17. Bb2 Qe7 18. Rc1 Rad8 19. Be4 d5 20. Bb1 Bd7 21. Qc2 g6
22. O-O f6 23. Rfe1 Qg7 24. Nh2 f5 25. Nf3 Qh6 26. Kh2 Qh5 27. Qd1 Rf8 28. Nf1
Be6 29. Rxc6 Rde8 30. Ng3 Qh6 31. Ng1 Nd8 32. Rc1 Nf7 33. Qf3 Ng5 34. Qxf4 Nf7
35. Qxh6 Nxh6 36. Nf3 Nf7 37. Ng1 Rc8 38. f4 Rc4 39. N1e2 Rfc8 40. Ba2 R4c7 41.
Rxc7 Rxc7 42. Rc1 Rd7 43. Rc6 Nd8 44. Rc1 Kg7 45. Rd1 Nc6 46. Nf1 a5 47. Rc1
Rc7 48. Ne3 axb4 49. Nxd5 Bxd5 50. Bxd5 bxa3 51. Bxa3 b4 52. Rxc6 Rxc6 53. Bxc6
bxa3 54. Bd5 Kf8 55. Kg3 Ke8 56. Kf3 Ke7 57. Ke3 Kd7 58. Kd3 Bd8 59. Kc2 Be7
60. Kb3 Ke8 61. Bg8 h6 62. Bh7 Kf7 63. d5 Bc5 64. Nc3 Kg7 65. Bxg6 Kxg6 66. Nb1
Kf7 67. Nxa3 Be3 68. e6+ Ke7 69. Nc4 Bxf4 70. Kb4 h5 71. Kb5 h4 72. Kc6 Bg3 73.
Ne3 f4 74. Nf5+ Ke8 75. Nxg3 hxg3 76. Kd6 f3 77. gxf3 g2 78. e7 g1=Q 79. Ke6
Qg6+ 80. Ke5 Qg5+ 81. Ke6 Qxe7+ 82. Kf5 Qd7+ 83. Ke5 Qxh3 84. Ke4 Ke7 85. Kf4
Qh6+ 86. Kg4 Kd6 87. Kf5 Kxd5 0-1